<?xml version="1.0" encoding="UTF-8"?>
<record
    xmlns:xsi="http://www.w3.org/2001/XMLSchema-instance"
    xsi:schemaLocation="http://www.loc.gov/MARC21/slim http://www.loc.gov/standards/marcxml/schema/MARC21slim.xsd"
    xmlns="http://www.loc.gov/MARC21/slim">

  <leader>02290nam a22002897a 4500</leader>
  <controlfield tag="003">OSt</controlfield>
  <controlfield tag="005">20240724123526.0</controlfield>
  <controlfield tag="007">ta</controlfield>
  <controlfield tag="008">210324b 2018 dr a 00| 0 eng d</controlfield>
  <datafield tag="020" ind1=" " ind2=" ">
    <subfield code="a">9789945168723</subfield>
  </datafield>
  <datafield tag="040" ind1=" " ind2="4">
    <subfield code="a">DO-SdBNP</subfield>
    <subfield code="b">spa</subfield>
    <subfield code="c">BNPHU</subfield>
  </datafield>
  <datafield tag="082" ind1=" " ind2="4">
    <subfield code="a">332</subfield>
    <subfield code="b">C764c 2018</subfield>
    <subfield code="2">22</subfield>
  </datafield>
  <datafield tag="100" ind1="1" ind2=" ">
    <subfield code="a">Contreras N&#xFA;&#xF1;ez, Carlos,</subfield>
    <subfield code="9">52572</subfield>
    <subfield code="d">1951-</subfield>
  </datafield>
  <datafield tag="245" ind1="1" ind2="0">
    <subfield code="a">Conceptos b&#xE1;sicos de gesti&#xF3;n econ&#xF3;mica y financiera /</subfield>
    <subfield code="c">Carlos Contreras N&#xFA;&#xF1;ez ; pr&#xF3;logo ;  Edita Rodr&#xED;guez,</subfield>
  </datafield>
  <datafield tag="250" ind1=" " ind2=" ">
    <subfield code="a">3a. ed.</subfield>
  </datafield>
  <datafield tag="260" ind1="2" ind2=" ">
    <subfield code="a">Santo Domingo :</subfield>
    <subfield code="b">B&#xFA;ho,</subfield>
    <subfield code="c">2018.</subfield>
  </datafield>
  <datafield tag="300" ind1=" " ind2=" ">
    <subfield code="a">xxiii, 428 p. :</subfield>
    <subfield code="b">il. , </subfield>
    <subfield code="c">28 cm.</subfield>
  </datafield>
  <datafield tag="500" ind1=" " ind2=" ">
    <subfield code="a">Incluye datos biogr&#xE1;ficos del autor en la contracubierta </subfield>
  </datafield>
  <datafield tag="504" ind1="0" ind2=" ">
    <subfield code="a">Bibliograf&#xED;a:  p.  447-748</subfield>
  </datafield>
  <datafield tag="505" ind1="0" ind2=" ">
    <subfield code="a">Contenido</subfield>
    <subfield code="t">Introducci&#xF3;n --</subfield>
    <subfield code="t">Pr&#xF3;logo --</subfield>
    <subfield code="g">Capitulo I. </subfield>
    <subfield code="t">Generalidades --</subfield>
    <subfield code="g">Cap&#xED;tulo II.</subfield>
    <subfield code="t">R&#xE9;gimen de sociedades comerciales en Rep&#xFA;blica Dominicana </subfield>
    <subfield code="g">Cap&#xED;tulo III. </subfield>
    <subfield code="t">Valor del dinero en el tiempo --</subfield>
    <subfield code="g">Cap&#xED;tulo IV.</subfield>
    <subfield code="t">Estados financieros, an&#xE1;lisis, indicadores y razones financieras -- </subfield>
    <subfield code="g">Cap&#xED;tulo V.</subfield>
    <subfield code="t">Riesgos y rendimientos --</subfield>
    <subfield code="g">Cap&#xED;tulo VI.</subfield>
    <subfield code="t">Administraci&#xF3;n de capital de trabajo --</subfield>
    <subfield code="g">Cap&#xED;tulo VII.</subfield>
    <subfield code="t">Gesti&#xF3;n de pasivos de corto plazo --</subfield>
    <subfield code="g">Capitulo VIII. </subfield>
    <subfield code="t">Gesti&#xF3;n de los activos de corto plazo --</subfield>
    <subfield code="g">Cap&#xED;tulo IX.</subfield>
    <subfield code="t">Planificaci&#xF3;n financiera --</subfield>
    <subfield code="g">Cap&#xED;tulo X.</subfield>
    <subfield code="t">Presupuesto de capital, proyecto de inversi&#xF3;n nueva, expansi&#xF3;n y reemplazo --</subfield>
    <subfield code="g">Cap&#xED;tulo XI.</subfield>
    <subfield code="t">Mercados financieros, valuaci&#xF3;n : deudas (bonos) y acciones </subfield>
    <subfield code="g">Cap&#xED;tulo XII.</subfield>
    <subfield code="t">Estructura y costo de capital, apalancamiento y punto de equilibrio --</subfield>
    <subfield code="g">Cap&#xED;tulo XIII.</subfield>
    <subfield code="t">An&#xE1;lisis de costos de manufacturas. Compa&#xF1;&#xED;as manufactureras (caso objeto de estudio : zonas francas industriales)</subfield>
    <subfield code="g">Cap&#xED;tulo XIV.</subfield>
    <subfield code="t">Valoraci&#xF3;n de empresas y contratos --</subfield>
    <subfield code="g">Cap&#xED;tulo XV.</subfield>
    <subfield code="t">Indexaci&#xF3;n de precios por inflaci&#xF3;n y tipo de cambio --</subfield>
    <subfield code="g">Cap&#xED;tulo XVI. </subfield>
    <subfield code="t">Control interno, auditoria interna y gesti&#xF3;n de riesgos --</subfield>
    <subfield code="g">Cap&#xED;tulo XVII.</subfield>
    <subfield code="t">Leasing o arrendamiento --</subfield>
    <subfield code="g">Capitulo XVIII.</subfield>
    <subfield code="t">Bolsa de valores global y en la Rep&#xFA;blica Dominicana --</subfield>
    <subfield code="g">Cap&#xED;tulo XIX.</subfield>
    <subfield code="t">Fideicomiso en la Rep&#xFA;blica Dominicana --</subfield>
    <subfield code="t">Estudios de casos --</subfield>
    <subfield code="t">Bibliograf&#xED;a.</subfield>
  </datafield>
  <datafield tag="590" ind1=" " ind2=" ">
    <subfield code="a">Inventariado, 2021 / SA</subfield>
  </datafield>
  <datafield tag="650" ind1=" " ind2="0">
    <subfield code="a">Finanzas</subfield>
    <subfield code="9">641</subfield>
  </datafield>
  <datafield tag="650" ind1=" " ind2="4">
    <subfield code="a">Econom&#xED;a</subfield>
    <subfield code="9">78263</subfield>
  </datafield>
  <datafield tag="700" ind1="1" ind2=" ">
    <subfield code="a">Rodr&#xED;guez, Edita, </subfield>
    <subfield code="e">pr&#xF3;l.</subfield>
    <subfield code="9">21614</subfield>
  </datafield>
  <datafield tag="910" ind1=" " ind2=" ">
    <subfield code="a">S/A. Validado, 2021/MFF</subfield>
  </datafield>
  <datafield tag="942" ind1=" " ind2=" ">
    <subfield code="2">ddc</subfield>
    <subfield code="c">LBS1</subfield>
  </datafield>
  <datafield tag="952" ind1=" " ind2=" ">
    <subfield code="0">0</subfield>
    <subfield code="1">0</subfield>
    <subfield code="2">ddc</subfield>
    <subfield code="5">1</subfield>
    <subfield code="7">0</subfield>
    <subfield code="8">PD</subfield>
    <subfield code="a">BNPHU</subfield>
    <subfield code="b">BNPHU</subfield>
    <subfield code="c">HD</subfield>
    <subfield code="d">2021-03-24</subfield>
    <subfield code="e">Dep&#xF3;sito Legal </subfield>
    <subfield code="l">0</subfield>
    <subfield code="o">BNPHU PD 332 C764c 2018</subfield>
    <subfield code="p">2021-1197</subfield>
    <subfield code="r">2021-03-24</subfield>
    <subfield code="y">LBS1</subfield>
  </datafield>
  <datafield tag="952" ind1=" " ind2=" ">
    <subfield code="0">0</subfield>
    <subfield code="1">0</subfield>
    <subfield code="2">ddc</subfield>
    <subfield code="5">1</subfield>
    <subfield code="7">0</subfield>
    <subfield code="8">PD</subfield>
    <subfield code="a">BNPHU</subfield>
    <subfield code="b">BNPHU</subfield>
    <subfield code="c">HD</subfield>
    <subfield code="d">2021-03-24</subfield>
    <subfield code="e">Dep&#xF3;sito Legal </subfield>
    <subfield code="l">0</subfield>
    <subfield code="o">BNPHU PD 332 C764c 2018</subfield>
    <subfield code="p">2021-1198</subfield>
    <subfield code="r">2021-03-24</subfield>
    <subfield code="t">e.2</subfield>
    <subfield code="y">LBS1</subfield>
  </datafield>
  <datafield tag="952" ind1=" " ind2=" ">
    <subfield code="0">0</subfield>
    <subfield code="1">0</subfield>
    <subfield code="2">ddc</subfield>
    <subfield code="5">6</subfield>
    <subfield code="7">0</subfield>
    <subfield code="8">DS</subfield>
    <subfield code="a">BNPHU</subfield>
    <subfield code="b">BNPHU</subfield>
    <subfield code="c">HD</subfield>
    <subfield code="d">2021-04-08</subfield>
    <subfield code="e">Dep&#xF3;sito Legal </subfield>
    <subfield code="l">0</subfield>
    <subfield code="o">BNPHU DS 332 C764c 2018</subfield>
    <subfield code="p">2021-1326</subfield>
    <subfield code="r">2021-04-08</subfield>
    <subfield code="t">e.3</subfield>
    <subfield code="y">LBS1</subfield>
  </datafield>
  <datafield tag="999" ind1=" " ind2=" ">
    <subfield code="c">49672</subfield>
    <subfield code="d">49672</subfield>
  </datafield>
</record>
